[Event "St Petersburg-ch Seniors"]
[Site "St Petersburg"]
[Date "2012.01.30"]
[Round "3"]
[White "Chembaev, Evgeny"]
[Black "Polevoi, Vladimir"]
[Result "1-0"]
[WhiteElo "2169"]
[BlackElo "2145"]
[PlyCount "221"]
[EventDate "2012.01.27"]
[EventType "swiss"]
[EventRounds "9"]
[EventCountry "RUS"]
[SourceTitle "EXT 2013"]
[Source "ChessBase"]
[SourceDate "2012.11.22"]
[SourceVersion "1"]
[SourceVersionDate "2012.11.22"]
[SourceQuality "1"]

1. d4 Nf6 2. c4 e6 3. Nc3 Bb4 4. Qc2 d5 5. Bg5 Nbd7 6. e3 h6 7. Bh4 0-0 8. cxd5 exd5 9. Nf3 c6 10. Bd3 Bd6 11. 0-0 Re8 12. Rfe1 Be7 13. Rad1 Nf8 14. Ne5 N6d7 15. Bg3 Nxe5 16. Bxe5 Bg4 17. Rb1 Bh5 18. b4 Bd6 19. Bxd6 Qxd6 20. Na4 Re7 21. b5 cxb5 22. Rxb5 b6 23. Qb3 Rd8 24. Nc3 Bg6 25. Bxg6 Nxg6 26. Rxd5 Qb8 27. Rxd8+ Qxd8 28. g3 Qc8 29. Nd5 Re6 30. e4 Rc6 31. Qe3 Rc4 32. f3 Qa6 33. Rd1 Qxa2 34. Nc3 Qb3 35. Rd3 h5 36. f4 h4 37. f5 Nf8 38. gxh4 Rc6 39. Kg2 Rh6 40. Nd5 Qa2+ 41. Kg3 Qa6 42. Rc3 Nd7 43. e5 Qb5 44. Qe4 Qf1 45. Nf4 Qg1+ 46. Ng2 g5 47. Kh3 Qf1 48. Kg3 Qg1 49. Rc8+ Nf8 50. hxg5 Rxh2 51. g6 Rxg2+ 52. Qxg2 Qxd4 53. gxf7+ Kxf7 54. e6+ Ke7 55. Kh3 Qh8+ 56. Kg3 Qe5+ 57. Kg4 Qd4+ 58. Kf3 Qd5+ 59. Kf2 Qxf5+ 60. Qf3 Qxf3+ 61. Kxf3 Nxe6 62. Ra8 Nd4+ 63. Ke4 Nc6 64. Kd5 Kd7 65. Rh8 a6 66. Rh7+ Ne7+ 67. Ke5 Kd8 68. Kd6 Nf5+ 69. Kc6 b5 70. Kb6 b4 71. Kxa6 Nd6 72. Kb6 b3 73. Kc6 Nc4 74. Kc5 b2 75. Rb7 Ne5 76. Kd6 Nc4+ 77. Kd5 Kc8 78. Rb3 Ne3+ 79. Kd4 Nf5+ 80. Ke5 Ne3 81. Ke4 Nc4 82. Kd4 Nd6 83. Rxb2 Kc7 84. Kd5 Nb7 85. Rb5 Nd6 86. Rc5+ Kd7 87. Ra5 Nb7 88. Ra6 Kc7 89. Rc6+ Kb8 90. Rh6 Kc7 91. Kc4 Nd6+ 92. Kd5 Nb7 93. Kc4 Nd6+ 94. Kb4 Kc6 95. Rg6 Kd5 96. Rg5+ Kc6 97. Rh5 Nb7 98. Kc4 Nd6+ 99. Kd4 Nb7 100. Rh6+ Kd7 101. Kd5 Kc7 102. Rc6+ Kb8 103. Rc2 Ka7 104. Kc6 Na5+ 105. Kb5 Nb7 106. Rc7 Kb8 107. Kb6 Nd6 108. Kc6 Nc8 109. Rb7+ Ka8 110. Kc7 Ne7 111. Rb5 1-0

[Event "Pskov-ch"]
[Site "Pskov"]
[Date "2010.01.06"]
[Round "5.1"]
[White "Suleymanyants, Odisey"]
[Black "Polevoi, Vladimir"]
[Result "1/2-1/2"]
[WhiteElo "2308"]
[BlackElo "2134"]
[PlyCount "132"]
[EventDate "2010.01.03"]
[EventType "tourn"]
[EventRounds "8"]
[EventCountry "RUS"]
[SourceTitle "EXT 2022"]
[Source "ChessBase"]
[SourceDate "2021.10.06"]
[SourceVersion "1"]
[SourceVersionDate "2021.10.06"]
[SourceQuality "1"]

1. d4 Nf6 2. c4 e6 3. Nc3 d5 4. cxd5 exd5 5. Nf3 Bd6 6. Bg5 c6 7. e3 Bf5 8. Qb3 Qb6 9. Bxf6 gxf6 10. Be2 Nd7 11. Nh4 Qxb3 12. axb3 Bc2 13. Bd1 Bd3 14. Kd2 Bg6 15. f4 f5 16. Bc2 Nf6 17. Nxf5 Bb4 18. Ng3 Ne4+ 19. Bxe4 Bxe4 20. Ngxe4 dxe4 21. Ra4 a5 22. Rha1 0-0-0 23. Ke2 f5 24. Rc1 Rhg8 25. g3 Rg6 26. Na2 Rh6 27. h4 Rg8 28. Nxb4 Rxg3 29. Nc2 Rg2+ 30. Kf1 Rh2 31. Ne1 R6xh4 32. Rxa5 Rxb2 33. Ra8+ Kc7 34. Rg8 Rh1+ 35. Rg1 Rhh2 36. Ng2 h5 37. Rc5 h4 38. Rxf5 h3 39. Rg5 Rxb3 40. Rg7+ Kb6 41. f5 Rb1+ 42. Kf2 Rb2+ 43. Kg3 Rhxg2+ 44. Kxh3 Rxg7 45. Rxg7 Rf2 46. Rf7 Rf3+ 47. Kg4 Rxe3 48. Re7 Re1 49. f6 Rg1+ 50. Kf5 Rf1+ 51. Kg6 Rg1+ 52. Kh7 Rf1 53. Kg7 Kb5 54. f7 Kc4 55. Rxe4 Kd5 56. Re1 Rf2 57. f8Q Rxf8 58. Kxf8 b5 59. Ke7 b4 60. Kd7 c5 61. dxc5 Kxc5 62. Rc1+ Kd4 63. Kc6 b3 64. Kb5 b2 65. Rh1 Kc3 66. Ka4 Kc2 1/2-1/2

[Event "Pskov-ch"]
[Site "Pskov"]
[Date "2010.01.03"]
[Round "1.1"]
[White "Polevoi, Vladimir"]
[Black "Kudryashov, Sergei"]
[Result "0-1"]
[WhiteElo "2134"]
[BlackElo "2229"]
[PlyCount "76"]
[EventDate "2010.01.03"]
[EventType "tourn"]
[EventRounds "8"]
[EventCountry "RUS"]
[SourceTitle "EXT 2022"]
[Source "ChessBase"]
[SourceDate "2021.10.06"]
[SourceVersion "1"]
[SourceVersionDate "2021.10.06"]
[SourceQuality "1"]

1. d4 Nf6 2. c4 g6 3. Nc3 Bg7 4. Nf3 0-0 5. g3 d6 6. Bg2 Nbd7 7. 0-0 e5 8. dxe5 dxe5 9. Qc2 c6 10. Bg5 h6 11. Bxf6 Qxf6 12. Rad1 Qe7 13. a3 Nb6 14. Ne4 Be6 15. Nd6 Rad8 16. c5 Nc8 17. Ne4 f5 18. Nh4 Qf7 19. Nd6 Nxd6 20. Rxd6 Rxd6 21. cxd6 e4 22. f4 Qf6 23. e3 Bd5 24. Rf2 Qxd6 25. Bf1 Kh7 26. Ng2 Rd8 27. h3 Be6 28. b4 a5 29. bxa5 Qxa3 30. a6 Bb3 31. Qe2 Qxa6 32. Qxa6 bxa6 33. Bxa6 c5 34. g4 c4 35. gxf5 gxf5 36. Nh4 c3 37. Rf1 c2 38. Be2 Bb2 0-1

[Event "Pskov 5th op"]
[Site "Pskov"]
[Date "2008.06.24"]
[Round "2.13"]
[White "Polevoi, Vladimir"]
[Black "Bulatov, Mihail"]
[Result "1/2-1/2"]
[WhiteElo "2123"]
[BlackElo "1927"]
[PlyCount "97"]
[EventDate "2008.06.22"]
[EventType "swiss"]
[EventRounds "9"]
[EventCountry "RUS"]
[SourceTitle "EXT 2022"]
[Source "ChessBase"]
[SourceDate "2021.10.06"]
[SourceVersion "1"]
[SourceVersionDate "2021.10.06"]
[SourceQuality "1"]

1. d4 Nf6 2. Nf3 g6 3. Nbd2 d5 4. e3 Bg7 5. Bd3 0-0 6. c3 Nbd7 7. 0-0 c5 8. Re1 Qc7 9. b3 e5 10. dxe5 Nxe5 11. Nxe5 Qxe5 12. Bb2 Bf5 13. Qc2 Bxd3 14. Qxd3 Rfd8 15. Rad1 Rd7 16. Qc2 Rad8 17. c4 Qe6 18. Nf3 dxc4 19. Rxd7 Qxd7 20. Qxc4 Qd5 21. Qh4 Ne4 22. Bxg7 Kxg7 23. h3 Rd7 24. Qf4 f6 25. g4 Nd2 26. e4 Nxf3+ 27. Qxf3 Qd2 28. Re2 Qd1+ 29. Kg2 Rd3 30. Re3 Qxf3+ 31. Kxf3 Rd2 32. e5 Kf7 33. a4 b6 34. exf6 Kxf6 35. Kg3 g5 36. f4 gxf4+ 37. Kxf4 Rd4+ 38. Kg3 a6 39. Kh4 Rd5 40. Re4 b5 41. axb5 axb5 42. Re8 Rd3 43. Rc8 Rxb3 44. Rxc5 b4 45. Rb5 Kg6 46. Rb6+ Kg7 47. Rb8 h6 48. Rb7+ Kg6 49. Rb5 1/2-1/2